Statistics for Oceania Countries by Population

Click here to take the quiz!

General Stats

  • This quiz has been taken 87 times
  • The average score is 13 of 14

Answer Stats

PopulationCountry% Correct
25.9 millionAustralia
100%
5.1 millionNew Zealand
99%
8.9 millionPapua New Guinea
97%
926,000Fiji
96%
203,000Samoa
96%
106,000Tonga
94%
12,000Tuvalu
94%
123,000Kiribati
93%
58,000Marshall Islands
93%
11,000Nauru
93%
18,000Palau
93%
653,000Solomon Islands
93%
308,000Vanuatu
93%
104,000Micronesia
92%

Score Distribution

Percentile by Number Answered

Percent of People with Each Score

Your Score History

You have not taken this quiz